Information retrieval systems : theory and implementation
Αποθηκεύτηκε σε:
| Κύριος συγγραφέας: | |
|---|---|
| Μορφή: | Βιβλίο |
| Γλώσσα: | English |
| Δημοσίευση: |
Boston :
Kluwer Academic Publishers,
c1997 (printing 1999)
|
| Σειρά: | Kluwer international series on information retrieval ;
1 |
| Θέματα: | |
| Ετικέτες: |
Προσθήκη ετικέτας
Δεν υπάρχουν, Καταχωρήστε ετικέτα πρώτοι!
|
MARC
| LEADER | 00000nam a2200000 i 4500 | ||
|---|---|---|---|
| 001 | 1/104128 | ||
| 008 | 000308s1997 eng d | ||
| 020 | |a 0792399269 | ||
| 035 | |l 10058727 | ||
| 040 | |a GR-MY-UA |b gre |e aacr | ||
| 041 | 0 | |a eng | |
| 082 | 0 | |a 005.74068 | |
| 100 | 1 | |a Kowalski, Gerald |d 1945- | |
| 245 | 1 | 0 | |a Information retrieval systems : |b theory and implementation / |c by Gerald Kowalski |
| 260 | |a Boston : |b Kluwer Academic Publishers, |c c1997 (printing 1999) | ||
| 300 | |a xiii, 282 p.; |b ill.; |c 25 cm. | ||
| 490 | 1 | |a Kluwer international series on information retrieval |v ; 1 | |
| 504 | |a Includes bibliographical references and indexes | ||
| 650 | 0 | 0 | |a Database management. |
| 650 | 0 | 0 | |a Information storage and retrieval systems. |
| 830 | 0 | |a Kluwer international series on information retrieval ; |v 1 | |
| 852 | |a INST |b SAMOS |e 20000308 |h 005.74068 KOW |p 005300016107 |q 005300016107 |t BK |y 0 | ||
| 901 | |a BIBL3-2000-1 | ||
| 909 | |a Σ |b 067535 | ||
| 922 | |a 3ΕΛΗ |b 199911 |c ΕΠΕΑΕΚ/ΜΑΘ |d ΠΑΠΑΣΩΤΗΡΙΟΥ | ||
| 970 | |a ΚΟΣΙΕΡΗΣ |b ΧΡΗΣΤΟΣ |z 2000/03/08 | ||